000 00654cam a2200229 4500
001 B3497
008 090401t xxu||||| |||| 00| 0 eng d
035 _a(Sirsi) u56323
041 _aeng
050 _a333.33709421
110 _aDebenham Tewson and Chinnocks
_93135
245 _aCORe : central offices research. - Spring 1991 - Winter 1991/2.
260 _aLondon
_bDebenham Tewson and Chinnocks
_c1991-92
300 _a4 pt. ; 30cm.
350 _a0
520 _aPublished quarterly. - Replaces Office Floorspace Surveys q.v.
650 _aFLOORSPACE STATISTICS
650 _aLONDON
650 _aOFFICES
942 _n0
948 _c04/03/1997
999 _c93773
_d93773